000 00268nam a22001097a 4500
008 170110b xxu||||| |||| 00| 0 eng d
020 _a9780803609815
041 _aeng
080 _a618.2
245 _aINSTRUCTOR'S GUIDE CONCEPT MAPPING
_cSCHUSTER, P.M
942 _2udc
_cBK
999 _c2663
_d2663